Estudio de pre factibilidad para la creación de una empresa de confección y comercializadora de ropa interior femenina Clousmey´s, en el departamento de Managua

Presenta un estudio de prefactibilidad para la creación de una empresa de confección y comercializadora de ropa interior femenina para mujeres mayores de 15 años de edad, en el barrio San Luis departamento de Managua. Así mismo estima la rentabilidad financiera que conlleva la creación de la em...

Full description

Bibliographic Details
Main Authors: Cortez Romero, María Lourdes, Escobar Arteaga, Meyling, Ramos Berrios, Juan Carlos
Other Authors: Tutor: Orozco Miranda, Hazzely del Carmen
Format: Tesis Section = Libro
Language:Undetermined
Spanish
Published: Managua UNI 2017
Subjects:
LEADER 01494nam a2200325Ia 4500
008 240830s9999 xx 000 0 und d
040 |a BIBLIOTECA-RUPAP Mon 658.11 C828 
041 |a spa 
082 |a Mon 658.11 C828 
100 1 |a Cortez Romero, María Lourdes 
100 1 |b Escobar Arteaga, Meyling 
100 1 |c Ramos Berrios, Juan Carlos 
245 1 0 |a Estudio de pre factibilidad para la creación de una empresa de confección y comercializadora de ropa interior femenina Clousmey´s, en el departamento de Managua 
260 |a Managua  |b UNI  |c 2017 
300 |a 199 p. :il. 
500 |a Contiene: anexos e Incluye: CD. 
502 |a Tesis (Ingeniero de Sistemas)- UNI, 2017. 
520 3 |a Presenta un estudio de prefactibilidad para la creación de una empresa de confección y comercializadora de ropa interior femenina para mujeres mayores de 15 años de edad, en el barrio San Luis departamento de Managua. Así mismo estima la rentabilidad financiera que conlleva la creación de la empresa. Y propone un plan de mitigación de daños a partir de la evaluación del impacto ambiental según las leyes. 
650 7 |a NUEVOS NEGOCIOS 
650 7 |b EMPRENDEDORES 
650 7 |c ESTUDIO DE FACTIBILIDAD 
650 7 |d ESTUDIO DE MERCADO 
650 7 |e PROVEEDORES 
650 7 |f COMPETENCIA 
650 7 |h ROPA-ASPECTOS ECONOMICOS 
650 7 |i PAGINA WEB. 
700 1 |a Tutor:  |b Orozco Miranda, Hazzely del Carmen 
942 |c BK  |2 ddc 
991 |a TESIS 
999 |c 16885